| 000 | 01101nam a2200337 i 4500 | ||
|---|---|---|---|
| 001 | 3052 | ||
| 003 | BPK | ||
| 005 | 20201012114504.0 | ||
| 008 | 981103s1986 pl a f |001 0 pol | ||
| 015 | _aPB 1986/7221 | ||
| 020 | _a8320406994 | ||
| 040 |
_aWA N _cBPK |
||
| 041 | 0 |
_apol _beng _hrus |
|
| 080 | _a66 | ||
| 080 | _a536 | ||
| 100 | 1 |
_aHobler, Tadeusz _d(1899-1975) _eAutor |
|
| 245 | 1 | 0 |
_aRuch ciepła i wymienniki / _cTadeusz Hobler. |
| 250 | _aWyd. 6. | ||
| 260 |
_aWarszawa : _bWydawnictwa Naukowo-Techniczne, _c1986 _e(BielBiała : _fBZG). |
||
| 300 |
_a772, [4] s. : _bfot., rys., wykr. ; _c24 cm. |
||
| 490 | 1 | _aInżynieria Chemiczna. | |
| 504 | _aBibliogr. przy rozdz. - Indeks. | ||
| 546 | _aStreszcz. ang., rozs. | ||
| 650 | 4 | _aWymiennik ciepła | |
| 650 | 4 | _aTermodynamika | |
| 650 | 4 | _aTermodynamika chemiczna | |
| 710 | 2 |
_aWydawnictwa Naukowo-Techniczne _4pbl. |
|
| 856 |
_uhttp://koha.tu.koszalin.pl/cgi-bin/koha/opac-detail.pl?biblionumber=3052 _yKatalog online BPK |
||
| 830 | 0 | _aInżynieria Chemiczna | |
| 942 |
_2UKD _cKS |
||
| 999 |
_c3052 _d3052 |
||